|
|
|
|
| LEADER |
03506nam a22004213i 4500 |
| 001 |
EBC30686248 |
| 003 |
MiAaPQ |
| 005 |
20231204023231.0 |
| 006 |
m o d | |
| 007 |
cr cnu|||||||| |
| 008 |
231204s2019 xx o ||||0 eng d |
| 020 |
|
|
|a 9783034338189
|q (electronic bk.)
|
| 020 |
|
|
|z 9783034338172
|
| 035 |
|
|
|a (MiAaPQ)EBC30686248
|
| 035 |
|
|
|a (Au-PeEL)EBL30686248
|
| 035 |
|
|
|a (OCoLC)1229870863
|
| 040 |
|
|
|a MiAaPQ
|b eng
|e rda
|e pn
|c MiAaPQ
|d MiAaPQ
|
| 082 |
0 |
|
|a 327.401822
|
| 100 |
1 |
|
|a Görgülü, Aybars.
|
| 245 |
1 |
4 |
|a The Remaking of the Euro-Mediterranean Vision :
|b Challenging Eurocentrism with Local Perceptions in the Middle East and North Africa.
|
| 250 |
|
|
|a 1st ed.
|
| 264 |
|
1 |
|a Bern :
|b Peter Lang AG International Academic Publishers,
|c 2019.
|
| 264 |
|
4 |
|c {copy}2019.
|
| 300 |
|
|
|a 1 online resource (312 pages)
|
| 336 |
|
|
|a text
|b txt
|2 rdacontent
|
| 337 |
|
|
|a computer
|b c
|2 rdamedia
|
| 338 |
|
|
|a online resource
|b cr
|2 rdacarrier
|
| 490 |
1 |
|
|a Global Politics and Security Series ;
|v v.2
|
| 505 |
0 |
|
|a Cover -- Contents -- Tables -- Abbreviations -- Preface (Aybars Görgülü) -- Introduction (Zeynep Gülöz Bakır / Gülşah Dark Kahyaoğlu) -- Chapter 1: An Outlook on Tunisian Elite Stakeholders' Perspectives on the EU and its Policy Preferences in Tunisia and the Mediterranean (Robert P. Parks / Zeynep Gülöz Bakır) -- Chapter 2: Attitudes towards the EU and its Presence in the Mediterranean: Perceptions of Elite Actors in Turkey (Gülşah Dark Kahyaoğlu) -- Chapter 3: Egyptian Elite's Views on Egypt, and its Relations with the EU (ASI-REM staff researchers) -- Chapter 4: EU-Iran Relations: Iranian Perceptions and European Policy (David Ramin Jalilvand) -- Chapter 5: Lebanese Elites' Views on Lebanon and its Relations with the EU (Karina Goulordava / ASI-REM staff researchers) -- Chapter 6: Israel, the EU, and the Mediterranean: Understanding the Perceptions of Israeli Elite Actors (Nimrod Goren / Eyal Ronen / Emir Bayburt) -- Chapter 7: Revisiting the Role of the EU in the Neighbourhood: Moroccan Elite Perceptions on the EU and Its Policy Impact in the Mediterranean (Gülşah Dark Kahyaoğlu / Omar Iharchane / Samir Bennis / Zeynep Gülöz Bakır) -- Chapter 8: Saudi Arabia's Relations with the EU and Its Perception of EU Policies in MENA (Sabiha Senyücel Gündoğar) -- Chapter 9: Towards a Viable EU-Gulf Engagement: Qatari Perceptions of the EU and Its Policies in the Region (Aybars Görgülü) -- Conclusions -- Authors.
|
| 520 |
|
|
|a The findings and policy recommendations presented in the book aim to contribute to making EU policies more responsive to major challenges in the region, more flexible on the multilateral and the bilateral level and more inclusive of key stakeholders.
|
| 588 |
|
|
|a Description based on publisher supplied metadata and other sources.
|
| 590 |
|
|
|a Electronic reproduction. Ann Arbor, Michigan : ProQuest Ebook Central, 2023. Available via World Wide Web. Access may be limited to ProQuest Ebook Central affiliated libraries.
|
| 655 |
|
4 |
|a Electronic books.
|
| 700 |
1 |
|
|a Dark Kahyaoğlu, Gülşah.
|
| 776 |
0 |
8 |
|i Print version:
|a Görgülü, Aybars
|t The Remaking of the Euro-Mediterranean Vision
|d Bern : Peter Lang AG International Academic Publishers,c2019
|z 9783034338172
|
| 797 |
2 |
|
|a ProQuest (Firm)
|
| 830 |
|
0 |
|a Global Politics and Security Series
|
| 856 |
4 |
0 |
|u https://ebookcentral.proquest.com/lib/matrademy/detail.action?docID=30686248
|z Click to View
|